[Event "Aarhus GM"]
[Site "Aarhus"]
[Date "2003.07.27"]
[Round "1"]
[White "Stefansson, Hannes"]
[Black "Palo, Davor"]
[Result "1-0"]
[WhiteElo "2560"]
[BlackElo "2510"]
[Annotator "Golod,V"]
[PlyCount "75"]
[EventDate "2003.07.27"]
[EventType "tourn"]
[EventRounds "9"]
[EventCountry "DEN"]
[EventCategory "9"]
[SourceTitle "CBM 097"]
[Source "ChessBase"]
[SourceDate "2003.11.11"]
[SourceVersion "1"]
[SourceVersionDate "2003.11.11"]
[SourceQuality "1"]

1. d4 Nf6 2. c4 e6 3. Nc3 Bb4 4. Qc2 d5 5. cxd5 Qxd5 6. Nf3 c5 ({In the last
ten years is much more popular:} 6... Qf5) 7. dxc5 {Besides this move,White
has three alternatives:} (7. a3 $5) ({On:} 7. e3 {you can find only three
games in Mega Database 2003 (last of them about fifty years ago)}) ({and} 7.
Bd2 $5 {It's main line.See comments to Baburin,A-Atalik,S/San Francisco,2002/
CBM 92(1/2-1/2)(Atalik,S)(59)}) 7... Qxc5 8. Be3 $5 $146 ({The games,which
have reached this position were continued as follows:} 8. Bd2 Nc6 (8... Nd5 $5
9. Rc1 Nxc3 10. Bxc3 (10. a3 $5) 10... Bxc3+ 11. Qxc3 Qxc3+ 12. Rxc3 Nc6 $11 {
Petran,P-Horvath,G/Austria,1996(1/2-1/2)(20)}) 9. a3 (9. Rc1 $5) 9... Bxc3 10.
Qxc3 Ne4 11. Qxc5 Nxc5 12. Bc3 (12. Rd1 $5) 12... f6 13. e3 Ne4 $11 {Mahmoud,
P-Moradi,B/Genting Highlands,1998(1/2-1/2)(14)}) 8... Bxc3+ ({In my opinion,
leads to equality:} 8... Qc7 $5 9. Bd4 (9. Rc1 $143 O-O 10. a3 $140 Bxc3+ 11.
Qxc3 Qxc3+ 12. Rxc3 Nd5 13. Rd3 Nxe3 14. Rxe3 Nc6 $11) 9... Be7 (9... Nc6 $6
10. Bxf6 gxf6 11. a3 {+/=/=}) (9... Nbd7 $5) 10. e4 Nc6 11. Bb5 Bd7 $11) 9.
bxc3 Qh5 {[%csl Ra6,Ra7,Ra8,Rb6,Rb7,Rb8,Rc6,Rc7,Rc8,Rd6,Rd7,Rd8][%cal Ra3f8]
From my point of view,it is strange idea, because the Black's Q leaves from
queen side and /^ a3-f8.} ({It deserves attention:} 9... Qc7 $5) ({and} 9...
Qe7 $5) 10. Bg5 {[%csl Rh5]} Qg6 ({Hardly it was better:} 10... O-O 11. Bxf6 (
11. e4 $143 Nbd7 $11) 11... gxf6 12. Rd1 $14 {[%csl Rg8]}) 11. Qa4+ $5 Bd7 $140
(11... Nbd7 $143 12. Qa3 {[%csl Re8][%cal Ya3f8]}) 12. Qa3 {[%csl Re8][%cal
Ya3f8] This idea is directed for prevention "castle" of Black.} Bc6 {[%csl Yf3,
Rg5][%cal Gc6f3,Yf3g5]} ({Leads to more complex game:} 12... Nc6 $5 13. Rd1 Ne4
14. Bh4 $13) 13. Bf4 {[%cal Gf4d6]} Qe4 $1 (13... Nbd7 $143 14. Nd4 e5 15. Nxc6
{[%csl Re8][%cal Ga3e7]} bxc6 $8 16. Bd2 $1 Ne4 $140 17. Be3 {[%csl Ye3] /\g3,
Bg2 +/=}) 14. e3 Nbd7 $6 {Black had a uneasy choice, and he did not manage to
find the best continuation:} (14... Qa4 $1 15. Qxa4 (15. Qb3 $5) 15... Bxa4 16.
Rb1 b6 (16... Bc6 $6 17. Nd4 Be4 18. Rb2 $36 {[%csl Rb7,Ye4][%cal Gf2f3]}) 17.
Rb4 Bd7 $11 (17... Bc6 $143 18. Nd4 $36 {[%csl Rb5,Rc6,Gd4][%cal Gd4b5,Gd4c6]})
) 15. Nd4 $1 {[%csl Yd4,Re4][%cal Gf2f3] Now Black's Q can not get on point
"a4".} e5 16. f3 Qg6 $8 ({Immediately loses a game the following move:} 16...
Qd5 $4 17. Nf5 {[%csl Re8,Rg7][%cal Ga3e7]} Qc5 (17... Kd8 $143 18. Rd1 Qe6 19.
Nxg7 Qe7 20. Qa5+ {[%csl Gd1,Rd8][%cal Ga5e5]} Kc8 21. Nf5 {[%cal Gf5d6]} Qe6
$140 22. Nd4 $1 {[%csl Ga5,Rc6,Rc8,Re6,Gf4][%cal Ga5c7,Gd4c6,Gd4e6]}) 18. Qxc5
Nxc5 19. Bxe5 $18 {[%csl Rf6,Rg7][%cal Gf5g7]} O-O $140 20. Bd6 {[%csl Rc5,Rf8]
}) 17. Nxc6 {[%csl Ga3,Gc6,Re8][%cal Ga3e7]} bxc6 $8 18. Bg3 {BB/NN White has
a more preferable position,at the expense of advantage of two bishops.} Qg5 (
18... c5 {[%cal Yh8f8,Ye8g8]} 19. Bb5 O-O 20. Rd1 $14) 19. e4 Nh5 ({Probably,
it was a little better:} 19... c5 {[%cal Ye8g8,Yh8f8]} 20. Bb5 O-O (20... Qe3+
$143 21. Kd1 O-O $140 22. Qc1 $1 Qxc1+ 23. Kxc1 {+/=/+/-}) 21. O-O $14) 20. Bf2
{[%csl Gf1,Yf2]} Nf4 $6 ({Can be recommended:} 20... Qe7 $5 21. Qxe7+ Kxe7 22.
O-O-O {[%csl Gf1,Yf2] +/=/+/-}) 21. g3 Ne6 22. Qd6 Qe7 {Black's Q already has
made many moves in this game.} 23. O-O-O $1 {[%csl Rc6,Yd1,Gd6,Re7]} Rc8 ({
Is a possible continuation of the play:} 23... Rd8 24. Bh3 $1 (24. Qxc6 $2 O-O
25. Qd6 Qf6 $44 {[%csl Rc1,Gd8,Rf3][%cal Gd7c5]}) 24... Qg5+ 25. Kc2 Nb8 26.
Qb4 $1 $16 {[%csl Re8][%cal Yb4f8]}) 24. Bh3 $16 Qxd6 ({I do not think that it
was much better:} 24... Nb6 25. f4 $1 $36 (25. Bxe6 $6 Qxe6 (25... fxe6 $143
26. Qxe7+ Kxe7 27. Bc5+) 26. Qxe6+ fxe6 27. Rd3 {+/=/+/-} ({Senselessly:} 27.
Rd6 {because of:} Nc4 28. Rd3 $14 (28. Rxe6+ $4 Kf7 {[%csl Yc4,Re6,Gf7][%cal
Gf7e6]}))) 25... exf4 (25... Nc4 $143 26. Qxe7+ Kxe7 27. f5 $1 {[%csl Rc8]
[%cal Gf5f6,Gf2c5]} Ng5 28. Bg2 {[%csl Rg5][%cal Gh2h4]} f6 29. h4 $5 (29. Bc5+
$5 Ke8 30. h4 Nf7 31. Bf1 $16) 29... Nf7 30. Bxa7 (30. Bc5+ $5) 30... c5 $140
31. Rd5 $1 Ne3 32. Bxc5+ {[%csl Re3,Re7]} Rxc5 $8 33. Rxc5 Kd6 $1 (33... Nxg2
$2 34. Rc7+ Ke8 35. Rd1 $18 {[%csl Re8][%cal Gd1d7]}) 34. Ra5 $1 (34. Rd5+ $2
Nxd5 35. exd5 Kc5 {[%csl Yc5,Yf7][%cal Yf7d6] +/=/+/-}) 34... Nxg2 35. Rd1+ Kc6
36. Ra6+ Kb7 37. Re6 $18 {[%csl Rb7,Gd1,Ge6,Rf7][%cal Ge6e7,Gd1d7]}) 26. gxf4
Qxd6 27. Rxd6 {[%csl Rc8]} Rd8 (27... Ke7 $143 28. Rhd1) 28. Rxd8+ Kxd8 29.
Bxe6 fxe6 30. Rd1+ $16) 25. Rxd6 Ke7 26. Rhd1 {[%csl Rc8,Gd1,Gd6,Rd7,Re6,Yf2,
Gh3]} Rc7 $6 (26... Nb6 $5 27. Bxe6 fxe6 28. Bc5 Kf6 $16) 27. f4 $1 {[%csl Rd7]
This continuation is much better,than:} (27. Bxe6 fxe6 28. Be3 Rb8 {+/=/+/-})
27... Nf6 $2 {This move is connected to the elementary tactical miscalculation.
Probably Black blundered,because he didn't see following move of contender.} ({
It was necessary:} 27... Rb8 $16) 28. f5 $1 Nxe4 ({A little bit better is:} 
28... Rd8 29. Rxd8 Nxd8 30. Bc5+ Ke8 31. Bd6 Rd7 (31... Rb7 $143 32. Bxe5 Nxe4
33. Bxg7 $18) 32. Bxe5 Rxd1+ 33. Kxd1 Nxe4 34. Bg2 Nf6 (34... f6 35. Bd4 {
[%csl Ra7,Re4][%cal Gd4a7,Yg2e4]}) 35. Bd4 {[%csl Ra7] +/-/+-}) ({Also leads
to hopeless position:} 28... Nd4 29. Bxd4 $1 exd4 (29... Kxd6 $4 30. Bb6+ {
[%csl Gb6,Rc7,Gd1,Rd6]}) 30. R6xd4 {[%cal Ge4e5]} Rb8 (30... Nd7 $4 31. Rxd7+
$1 Rxd7 32. f6+ {[%csl Gd1,Rd7,Re7,Gh3]}) 31. e5 Nd5 32. c4 Nc3 33. R1d2 $18)
29. fxe6 $1 Nxd6 (29... Nxf2 $2 {is refuted by:} 30. Rd7+ Rxd7 31. Rxd7+ Kf6 (
31... Ke8 32. exf7+ Kf8 33. Bf1 $1 {[%csl Rh8][%cal Gd7d8]} g6 $140 34. Rd8+
Kg7 35. Rxh8 Kxh8 36. f8=Q#) 32. Rxf7+ {[%csl Rf2,Rf6]}) ({Is more interesting
alternative:} 29... f5 $5 {[%csl Rd6,Rf2]} 30. Rd7+ Rxd7 31. Rxd7+ Kxe6 {
[%csl Rd7,Rf2]} 32. Be3 $1 Ng5 (32... Kxd7 $143 33. Bxf5+ Kd6 34. Bxe4 {
[%csl Ye3,Ge4]}) 33. Bxg5 Kxd7 34. Bxf5+ {+/-/+-}) 30. Bc5 $18 {[%csl Rd6]} Rd8
31. exf7 {White have created threat: 32.Rxd6 Rxd6 33.Bxd6+ Kxd6 34.f8Q} Kxf7 ({
Leads to favourable simplifications for White:} 31... Rb7 32. Rxd6 Rxd6 33.
f8=Q+ Kxf8 34. Bxd6+ Kf7 35. Bxe5 $18) 32. Bxd6 Rb7 33. Rf1+ Kg6 (33... Ke8 $4
34. Rf8#) (33... Kg8 34. Bxe5 $18) 34. Bxe5 Re7 35. Bd4 Re2 ({More stubborn
resistance after:} 35... Rd5 36. Bg2 Ra5 {[%csl Ra2]} 37. Rf4 $1 {[%csl Rg6]
[%cal Gg2e4]} Rxa2 $140 38. Be4+ Kh5 (38... Kg5 $143 39. Be3 {[%csl Rg5]}) 39.
h3 {[%csl Rh5]} Rh2 40. Rf5+ Kh6 (40... g5 41. Bf3+ Kg6 42. Rf6+ Kg7 43. Rxc6+)
(40... Kg6 $2 41. Rf2+ {[%csl Rg6,Rh2]}) 41. Be3+ Kg6 42. Rf4+ Rxe4 $8 (42...
Kh5 43. Rh4#) (42... Kg5 43. Rf7+ {[%csl Ge3,Re7,Gf7,Rg5]}) 43. Rxe4 Rxh3 44.
Rg4+ Kf7 45. Bxa7 h5 46. Rf4+ $18 {[%csl Rg3][%cal Ya7f2,Yf2g3]}) 36. Bf5+ Kh6
37. Bc2 {[%csl Ra7,Rg7,Rh6,Rh7][%cal Gf1f7]} Rxh2 (37... Rd7 38. h4 $18 {
[%csl Rh6]}) 38. Rf7 ({After:} 38. Rf7 {Black resigns,because of next variants:
} Rh1+ 39. Kb2 Rg8 (39... Rh2 {[%csl Rb2,Yc2]} 40. Bxg7+ Kh5 41. Be5 {[%csl
Rh2,Rh5][%cal Gf7h7]} Kg4 42. Rf4+ Kh3 (42... Kh5 43. g4+ {[%csl Rd8,Rh2,Rh5]})
43. Rh4+ Kg2 44. Be4+ Kg1+ 45. Rxh2 Kxh2 46. Bxc6 $18) (39... Rb8+ 40. Ka3) 40.
Rxa7 $18 {[%csl Ga2][%cal Ga2a4,Ga4a5,Ga5a6]}) 1-0

[Event "Montreal 4th"]
[Site "Montreal"]
[Date "2003.07.28"]
[Round "6"]
[White "Onischuk, Alexander"]
[Black "Romanishin, Oleg M"]
[Result "1-0"]
[WhiteElo "2657"]
[BlackElo "2561"]
[Annotator "Golod,V"]
[PlyCount "57"]
[EventDate "2003.07.23"]
[EventType "tourn"]
[EventRounds "11"]
[EventCountry "CAN"]
[EventCategory "11"]
[SourceTitle "CBM 097"]
[Source "ChessBase"]
[SourceDate "2003.11.11"]
[SourceVersion "1"]
[SourceVersionDate "2003.11.11"]
[SourceQuality "1"]

1. d4 Nf6 2. c4 e6 3. Nc3 Bb4 4. Qc2 d5 5. cxd5 Qxd5 6. e3 O-O 7. Bd2 Bxc3 8.
Bxc3 $5 {Interesting idea of Vassily Ivanchuk.Before,always played: 8.bxc3} c5
{This continuation is the next attempt to bring in a "new word " in theory of
this variant.From my point of view, is more expedient to make "c5" on the 6-th
move. Five days ago in the same tournament Oleg Romanishin checked another
line in this variant:} (8... Nbd7 {See comments to Legky,N-Romanishin,O/
Montreal,2003/CBM 97(1/2-1/2)(Golod,V)(27)}) ({Besides Black has two
alternatives:} 8... a5 {[%csl Ya5][%cal Ya5b4] You can see comments to
Gurevich,M-Romanishin,O/Essen,2001/CBM 83(1-0)(Golod,V)(37)}) ({and} 8... b6 {
[%cal Gc8a6] You can see annotations to game: Ivanchuk,V-Short,N/Shenyang,2000/
CBM 79(1/2-1/2)(Golod,V)(34)}) 9. dxc5 Qxc5 10. Rc1 $146 ({The same position,
with rearrangement of moves,has met in one more game:} 10. Bd3 $6 Nc6 11. Nf3 (
11. Bxf6 Qxc2 12. Bxc2 gxf6 {+/=/=}) 11... Nb4 12. Qd2 Nxd3+ 13. Qxd3 Qd5 14.
Qc2 Qe4 $11 {Steger,J-Herzog,F/Regensburg,1946(1-0)(36)}) 10... a5 {[%csl Ya5,
Rb5][%cal Ya5b4] ><b4 Unessential move.Now Black has a weak point on queen
side.} (10... Nc6 $5 11. Nf3 {An interesting nuance- this position can arise
after: 6...c5 7.Bd2 Bxc3 8.Bxc3 cxd4 9.Bxd4 Nc6 10.Bc3 0-0 11.Nf3 Qc5 12.Rc1})
11. Nf3 Nc6 12. Be2 ({Leads to quieter game:} 12. a3 $5 Nd5 13. Bd2 $14) 12...
Nd5 13. Ng5 $1 {[%mdl 1] Already here White have planned not an absolutely
correct, but very interesting sacrifice.  From this move I shall use also
comments of Grandmaster Igor Glek to this game in the site : www.
worldchessrating.ru/ This game was chosen "the best game of week" on this
site! Further I shall designate comments of grandmaster Igor Glek - G.I.} (13.
Bd2 $6 {G.I.} Qxc2 14. Rxc2 Ndb4 {[%csl Ra2,Rc2]} 15. Bxb4 Nxb4 16. Rc7 Nxa2
17. Bc4 Nb4 18. Ke2 $44) (13. O-O $143 {G.I.} Nxc3 14. Qxc3 Qxc3 15. Rxc3 Rd8 {
+/=/=}) 13... f5 14. O-O ({After:} 14. a3 $5 {[%cal Gc3d2]} Nxc3 15. Qxc3 Qxc3+
16. Rxc3 {position of White more preferably at the expense of the best pawn
chain.}) 14... Nxe3 $1 {[%mdl 64]} (14... h6 $143 {G.I.} 15. Nf3 Nxc3 16. Qxc3
Qxc3 17. Rxc3 $14) 15. Qd3 (15. fxe3 $2 Qxe3+ 16. Kh1 Qxg5 17. Bc4 $15 {
[%csl Gc3,Yc4]}) 15... Nxf1 16. Nxh7 $1 {[] I believe,that Alexander Onischuk
saw this resource,when he played 13.Ng5} (16. Bxf1 $2 h6 $19 {[%csl Rg5]})
16... Ne5 $2 {G.I: "Black had a uneasy choice, and he did not manage to find
the best continuation":} (16... Kxh7 $1 17. Qh3+ Kg8 (17... Kg6 $4 18. Qh5#)
18. Bxg7 {[%csl Rc5,Rg8][%cal Gh3h8,Gc1c5]} {[%tqu "En","Please enter the best
move for Black.","","","f1g3","",10,"c5c1","",0]} Ng3 $3 {Now Black has,as a
minimum,an equal position:} (18... Qxc1 $4 19. Qh8+ Kf7 20. Qxf8+ Kg6 21. Bh5+
$1 Kxh5 (21... Kg5 $2 22. Bh6+ Kxh5 23. Bxc1 {[%csl Rf1,Rh5][%cal Gf8h6] with
mate in 5 moves}) 22. Qf7+ Kg5 (22... Kg4 23. f3+ Kf4 (23... Kg5 $143 24. h4+
Kxh4 $2 (24... Kf4 $142 25. Bh6+ {[%csl Rc1,Rf4]} Ke5 26. Bxc1 $18) 25. Bf6+
Qg5 (25... Kg3 26. Qg7+ Kf4 27. Qg5#) 26. Qh7+ Kg3 27. Bxg5 {[%csl Rg3][%cal
Gh7h4]}) 24. Bh6+ {[%csl Rc1,Rf4]} Ke5 25. Bxc1 $18 {[%csl Rf1]}) (22... Kh4
23. Bf6+ Kg4 24. Qg6+ Kf4 25. Qh6+ {[%csl Rc1,Rf4]} Ke4 26. Qxc1 {[%csl Re4,
Rf1]}) 23. h4+ $1 Kf4 (23... Kxh4 $143 24. Bf6+ {[%csl Rh4]} Kg4 25. Qg6+ Kf4
26. Qg5+ Ke4 27. Qxc1 $18 {[%csl Re4,Rf1]}) 24. Bh6+ {[%csl Rc1,Rf4]} Ke4 25.
Bxc1 Ng3 26. fxg3 $18) 19. Rxc5 (19. Qh8+ $143 Kf7 20. Bh5+ Nxh5 21. Qxh5+ Kxg7
22. Rxc5 Rh8 $15) 19... Nxe2+ 20. Kf1 Kxg7 21. Kxe2 $13 {[%cal Gc5c3,Gc3g3] G.
I.} Bd7 22. Rc3 Rh8 23. Qg3+ Kf6 24. Qc7 $13) ({Also it was badly:} 16... Rd8
$2 {G.I.} 17. Qh3 Qd6 (17... Qe7 18. f4 Nd4 19. Bxf1 $40 {[%csl Rg8][%cal
Gh7g5]}) 18. Rxf1 $1 (18. Ng5 $4 Qxh2+ 19. Qxh2 Nxh2 20. Kxh2 Rd6 $19) (18.
Bxf1 $6 e5 19. Ng5 Qh6 {[%csl Rg5,Rh3,Gh6][%cal Gh6g5,Gh6h3]} 20. Bc4+ Kf8 21.
Qxh6 gxh6 22. Nf7 Re8 $13) (18. Nf6+ $4 gxf6 19. Bxf1 Qf4 $19) 18... e5 19. Ng5
{[%csl Rg8][%cal Gh3h7]} Qh6 $140 20. Bc4+ Kf8 21. Qe3 $1 (21. Qxh6 $6 gxh6 22.
Nf7 Re8 23. Nxh6 (23. Nd6 $143 Be6 $1 $15) 23... f4 $13) 21... f4 $140 22. Qc5+
Qd6 23. Qb5 $36 {[%csl Rf8][%cal Gg5f7]}) 17. Qh3 $16 Ng4 ({Can be recommended:
} 17... Ng3 $5 {G.I.} 18. hxg3 {[%cal Gh7g5]} Ng4 19. Rf1 $40 Rd8 20. Bxg4 fxg4
21. Qxg4 e5 22. Qg5 $16 {[%csl Rd8,Re5,Rg8][%cal Gc3e5]}) 18. Rxf1 Rd8 ({
I do not think that it was much better:} 18... Bd7 19. Nxf8 Rxf8 20. Bxg4 fxg4
21. Qxg4 Rf7 22. Qh4 {[%cal Gf1d1] +/-/+-}) 19. Ng5 {In opinion of Igor Glek,
it was a little better:} (19. Bxg4 {G.I.} fxg4 20. Qxg4 Qc7 (20... Qe7 $143 21.
Bf6 {[%csl Rd8,Re7]}) 21. Ng5 $1 Rd5 (21... e5 $143 22. Qe4 $18 {[%csl Rg8]
[%cal Ge4h7]}) 22. Qh5 Rxg5 23. Qxg5 {+/-/+-}) 19... Nh6 20. Qh5 {[%csl Rg8]
[%cal Gh5g6,Gg6h7]} e5 ({Also right away loses a game:} 20... b5 21. Qg6 e5 (
21... Ra7 $143 22. Qh7+ Kf8 23. Qh8+ Ng8 (23... Ke7 24. Qxg7+ {[%csl Re7,Rh6]
[%cal Gf1d1]}) 24. Nh7+ {[%csl Rg7,Rg8]} Ke7 25. Bf3 $1 $18 {[%csl Re7][%cal
Yf3a8,Gh8g7,Gf1d1]}) 22. Bh5 Kf8 {[%tqu "En","Please enter the best move for
White.","It is necessary to use a weakness of the Black's queen!","It is
necessary to use a weakness of the Black's king!","g6e6","",10]} 23. Qe6 $1 {
[%csl Rc5,Rf8][%cal Gg5h7]} Bxe6 24. Nxe6+ Ke7 25. Nxc5 $18) 21. Qg6 $18 {
Black can not simultaneously protect all weaknesses.} Ra6 (21... Kf8 {G.I.} 22.
Nh7+ Kg8 23. Bxe5 $1 Qxe5 $140 24. Bc4+ Be6 $8 (24... Kh8 25. Ng5 {[%csl Rh8]
[%cal Gg6h7]}) 25. Bxe6+ Qxe6 26. Qxe6+ Kxh7 27. Qb6 Rd7 28. Re1 $18) (21... f4
$143 {G.I.} 22. Qh7+ Kf8 23. Qh8+ Ng8 $8 24. Nh7+ Kf7 25. Bh5+ $1 g6 $140 26.
Ng5+ Kf8 27. Bxe5 {[%csl Rf8][%cal Gh8g7,Gg7f7]}) 22. Bxa6 {G.I: "The computer
shows more effective way of a win":} (22. Qh7+ Kf8 23. Qh8+ {[%csl Rg7]} Ng8 $8
24. Nh7+ Kf7 25. Bh5+ g6 26. Bxe5 $1 {[%csl Rf7][%cal Gh8g7]} gxh5 27. Qg7+ Ke6
(27... Ke8 28. Qxg8+ Ke7 (28... Kd7 29. Rd1+ Rd6 30. Rxd6+ Qxd6 31. Qxd8+ Kxd8
32. Bxd6) 29. Qg7+ Ke8 (29... Ke6 30. Qf6+ {[%csl Rd8][%cal Gf1d1]}) 30. Nf6+
Rxf6 31. Bxf6 $18 {[%csl Rd8,Re8][%cal Gf1e1,Gg7g8]}) 28. Bf4 {[%csl Re6][%cal
Gh7g5]} Ne7 (28... Qd4 29. Ng5+ Kd5 30. Qxd4+ $1 Kxd4 31. Rd1+ Kc4 32. Rxd8 Be6
33. g4 $5 $18 {[%csl Rg8][%cal Gg5e6,Ye6g8]}) 29. Nf6 $1 {[%csl Re6][%cal
Gf1e1] I.G.} Rd4 (29... Qb4 30. a3 $18 {[%csl Rb4][%cal Yb4e1,Gf1e1,Ga3b4]})
30. Re1+ Re4 31. Nxe4 fxe4 32. Rxe4+ Kd7 33. Be3 {[%csl Yc5,Re7][%cal Ge3c5,
Yc5e7]} Rg6 34. Qh7 {[%csl Rc5,Re7,Rg6]} Qd6 35. Rd4 $18 {[%csl Gd4,Rd6,Rd7,
Ye3,Gh7]}) 22... bxa6 23. Qh7+ Kf8 24. Qh8+ Ng8 $8 25. Nf3 (25. Re1 $5) 25...
Bb7 $2 {It's last mistake in a hopeless position.} ({G.I.} 25... Rd5 $8 26. Re1
$140 Qd6 27. Nxe5 Qh6 28. Qxh6 Nxh6 29. f3 $18) 26. Nxe5 Rd6 27. Qh5 {[%csl
Rf8][%cal Gh5f7]} Nh6 28. Qg5 Qb6 29. Re1 {[%csl Gc3,Ge1,Ge5,Rf8,Gg5,Rg7][%cal
Ge5c4] Further resistance is impossible. Good achievement of Grandmaster
Alexander Onischuk.} 1-0

[Event "FIDE-Wch k.o."]
[Site "Las Vegas"]
[Date "1999.08.03"]
[Round "2.1"]
[White "Gelfand, Boris"]
[Black "Speelman, Jonathan S"]
[Result "1-0"]
[WhiteElo "2713"]
[BlackElo "2597"]
[Annotator "Golod,V"]
[PlyCount "106"]
[EventDate "1999.07.31"]
[EventType "k.o."]
[EventRounds "7"]
[EventCountry "USA"]
[SourceTitle "CBM 072"]
[Source "ChessBase"]
[SourceDate "1999.10.01"]
[SourceVersion "1"]
[SourceVersionDate "1999.10.01"]
[SourceQuality "1"]

1. d4 Nf6 2. c4 e6 3. Nc3 Bb4 4. Qc2 d5 5. cxd5 Qxd5 6. e3 $5 ({Another
options is:} 6. Nf3 $5 {-see comments to Golod,V-Psakhis,L/Tel-Aviv,1999/CBM
71(1-0)(Golod,V)(67)}) 6... c5 {Is the main line.Besides,black has two options:
} (6... e5 $5 {-see comments to Sakaev,K-Pigusov,E/St. Petersburg,1999/CBM71(1/
2-1/2)(Golod,V) (41)}) ({and} 6... O-O) 7. Bd2 $5 ({Another alternative is:} 7.
a3 {-see comments to Bareev,E-Gelfand,B/Novgorod,1997/CBM 60(1/2-1/2)
(Tsesarsky)(30)}) 7... Bxc3 8. Bxc3 {Comments to this part of the game 
(8-13moves) you can find in annotations to Kramnik,V-Anand,V/Frankfurt,1999
(rapid)/ CBM 72(1/2-1/2)(Golod,V)(49)} cxd4 9. Bxd4 Nc6 10. Bc3 e5 11. Nf3 Bg4
12. Be2 O-O 13. O-O e4 $6 $146 {Besides this move:} (13... Rfe8 $5 {[%csl Re5,
Ye8]} 14. Rfd1 Qc5 15. Rac1 $5 {+/=/=; see comments to Kramnik,V-Anand,V/
Frankfurt,1999(rapid)/ CBM 72(1/2-1/2)(Golod,V)(49)}) (13... h6 $6) (13... Rac8
) ({and} 13... Bh5 $5 {- was checked in the previous games.}) 14. Nd4 ({
Very weakly:} 14. Rfd1 $4 {in view of:} Qh5 15. h3 (15. Nd4 $2 Nxd4 16. Bxg4
Nxg4 17. Bxd4 Qxh2+ 18. Kf1 Qh1+ 19. Ke2 Qxg2 $19) (15. Bxf6 $143 exf3 16. gxf3
Bf5 $1 {[%csl Rc2,Rf6][%cal Gh5g6]} 17. e4 Qg6+ 18. Kh1 Bh3 $19 {[%csl Rf6,Rh1]
}) 15... Bxf3 16. gxf3 exf3 17. Bf1 $17) 14... Nxd4 ({After:} 14... Ne5 {
white has a strong move:} 15. f3 $14) ({Possibly:} 14... Rac8) 15. Bxd4 $14
Rfc8 $5 {This move better than:} (15... Bxe2 16. Qxe2 Qe6 17. Rac1 $36) 16. Bc3
{[%cal Gf1d1]} (16. Qd1 $143 Bxe2 17. Qxe2 Qf5 {+/=/=}) 16... Qe6 ({Good
enough:} 16... Bxe2 17. Qxe2 Qe6 {/\Rc6,Rac8+/=}) 17. Bxg4 Nxg4 18. Rfd1 Qe5 $4
{[%mdl 8192] Gross mistake.Can be recommended:} (18... Rc6 $14 {[%cal Ga8c8]})
(18... Rd8 $14) ({or} 18... b5 $14) 19. Rd8+ $1 {[%csl Rc2,Gc3,Yc8,Re5]} Rxd8
20. Bxe5 Nxe5 21. Qxe4 $18 {[%csl Rb7,Re5] The rest is the matter of technics.}
Nc6 $8 ({Badly:} 21... Nd3 22. Qxb7 $140 Rdb8 {because of:} 23. Qa6 Nxb2 24.
Rc1 {[%csl Rb2]}) 22. Qc2 $5 {[%csl Yc2,Rd2][%cal Yc2d2]} Rac8 (22... Re8 $5
23. Rd1 Re7 {[%csl Gd1,Ye7]}) 23. Rd1 $1 {In this position always not bad to
change a couple rooks!} Nb4 ({Loses right away:} 23... Nd4 $4 {in view :} 24.
Rxd4 {[%csl Rg8]}) 24. Rxd8+ Rxd8 25. Qe2 h6 26. h4 $5 {[%csl Rg8][%cal Gh4h5]}
Nc6 ({In my opinion slightly better is:} 26... a6 {[%csl Ya6,Rb5][%cal Ya6b5]})
27. Qb5 Rd7 28. h5 a6 29. Qf5 Rd8 (29... Rd2 $143 30. Qc8+ Nd8 $8 31. Kf1 {
[%cal Gf1e1]}) 30. a3 $5 {/\b4} Kf8 31. Kf1 {White's plan is: Ke2,f4,g4-g5
(קh6)or Ke2,b4,Qc5,a4,b5(קb7).} f6 32. Qc5+ Ke8 33. b4 Rd7 {[%csl Rb7,Yd7,
Rg7][%cal Yd7g7,Yd7b7]} 34. Qc4 {[%csl Rg7][%cal Gc4g8]} Kd8 35. a4 Ne7 36. Qc5
{[%cal Gb4b5] The chief regulation in this positions:realize
advantage-unhurriedly!} Rc7 37. Qd6+ Rd7 ({Also loses:} 37... Kc8 38. b5 axb5
39. axb5 Rd7 40. Qe6 Kd8 41. g4 {[%csl Rb7,Rg7]}) 38. Qb8+ Nc8 $140 39. b5 axb5
40. axb5 b6 41. e4 $5 {with the idea f4,e5 and next:g4-g5} Re7 42. Qg3 Kd7 43.
Qb8 {[%csl Yb8,Re4]} Kd8 44. Qa8 Re5 45. Qb7 Re7 46. Qd5+ Rd7 47. Qg8+ Kc7 48.
f4 {[%cal Ge4e5]} Nd6 49. Qe6 $1 {[%cal Ge4e5]} Nc8 (49... Nxb5 $2 {is refuted
by:} 50. Qc4+ {[%csl Rb5,Rc7]}) 50. e5 fxe5 51. Qxe5+ Nd6 52. g4 {[%cal Gg4g5]}
Kd8 53. g5 hxg5 (53... hxg5 54. fxg5 $18 {[%cal Gh5h6]}) 1-0